| 000 | 01110cab a22001935a 4500 | ||
|---|---|---|---|
| 001 | L151019 | ||
| 008 | 100923e2010 xxk 000 0 eng d | ||
| 035 | _a(Sirsi) u151019 | ||
| 041 | 0 | _aeng | |
| 100 | 1 | _aBoley, James | |
| 245 | 0 | 0 |
_aMake the most of the milk round _bwith increasing numbers of graduates fighting for fewer positions, picking the right person is vital |
| 260 | _c2010 | ||
| 490 |
_aConstruction News _v7185 16 September 2010, 75-76(2) |
||
| 520 |
_aGraduate recruitment; construction; placements; list of top universities by percentage of students employed with a graduate job; round up _bConstructionSkills apprentice progammes, National Construction College urges scaffold inspectors to retrain if qualified before 2007, RICS online academy supports their conventional training programme, and Radleigh, Derby College, Construction Skills and the HCA have teamed up to provide work experience placements; spotlight on Oxford Brookes University courses. |
||
| 590 | _aKA | ||
| 651 | 4 |
_aUnited Kingdom _y |
|
| 690 | _aCAREERS, EDUCATION AND TRAINING-SURVEYING APPOINTMENTS | ||
| 942 | _n0 | ||
| 999 |
_c82692 _d82692 |
||